AH International Schools' Libraries

Tomorrow I'll be brave / (Record no. 41054)

MARC details
000 -LEADER
fixed length control field 00422nam a22001337a 4500
008 - FIXED-LENGTH DATA ELEMENTS--GENERAL INFORMATION
fixed length control field 200319b ||||| |||| 00| 0 eng d
020 ## - INTERNATIONAL STANDARD BOOK NUMBER
International Standard Book Number 9781524787028
100 ## - MAIN ENTRY--PERSONAL NAME
Personal name Hische, Jessica
9 (RLIN) 75505
245 ## - TITLE STATEMENT
Title Tomorrow I'll be brave /
Statement of responsibility, etc Jessica Hische
260 ## - PUBLICATION, DISTRIBUTION, ETC. (IMPRINT)
Place of publication, distribution, etc New York
Name of publisher, distributor, etc Penguin Random House
Date of publication, distribution, etc 2019
300 ## - PHYSICAL DESCRIPTION
Extent [34] p.
Other physical details col. ill.
Dimensions 21 cm.
650 ## - SUBJECT ADDED ENTRY--TOPICAL TERM
Topical term or geographic name as entry element Conduct of life
Form subdivision Juvenile Fiction
General subdivision Boar Book
9 (RLIN) 75506
942 ## - ADDED ENTRY ELEMENTS (KOHA)
Source of classification or shelving scheme
Item type Board Book
Holdings
Withdrawn status Lost status Source of classification or shelving scheme Damaged status Not for loan Collection code Home library Current library Shelving location Date acquired Total Checkouts Full call number Barcode Date last seen Date last borrowed Price effective from Koha item type
          Primary Asian Hope Early Years Library Asian Hope Early Years Library Board Books 03/19/2020 12 BB E HIS 211664 04/28/2026 04/21/2026 03/19/2020 Board Book

For any Logos Library related questions please contact Miss Art at swongnarasuk@asianhope.org.

For any Asian Hope Library related questions please contact Miss Raza at graza@asianhope.org.

Powered by Koha